000 00369cam a2200145ua 4500
041 _aeng
_h
082 _a954.01
_bSMI/EA
100 _aSmith, Vincent A .
245 _aEarly History of India /
_cA Vincent Smith.
_hTextual Documents
260 _a :
_bOxford at the Clarendon Press ,
_c1962.
300 _a535 ; .
504 _a
942 _cBK
999 _c3083
_d3083